000 01913cam a2200529 i 4500
001 7646
003 KOSZ 005
005 20250625123312.0
008 250625s1973 pl a f 000 0 pol
015 _aUWD 1973/7972
035 _a991033956079705066
035 _a(PL-WaBN)b19084742-48omnis_nlop
035 _ab19084742
035 _a(OCoLC)750984261
035 _axx001943247
035 _a(PL)b0000001908474
035 _a(EXLNZ-48OMNIS_NETWORK)9910322656705606
040 _aWA N
_cWA N
_dKOSZ 005/RW
046 _k1973
080 _a62-2
080 _a621.71
100 1 _aJezierski, Józef
_d(1929-2011)
_eAutor
245 1 0 _aAnaliza tolerancji i zamienności części maszyn /
_cJózef Jezierski.
250 _aWydanie I.
260 _aWarszawa :
_bWydawnictwa Naukowo-Techniczne,
_c1973.
300 _a301, [2] stron :
_bilustracje ;
_c21 cm.
336 _aTekst
_btxt
_2rdacontent
337 _aBez urządzenia pośredniczącego
_bn
_2rdamedia
338 _aWolumin
_bnc
_2rdacarrier
380 _aKsiążki
380 _aPublikacje dydaktyczne
380 _aPublikacje fachowe
385 _mPoziom nauczania
_aSzkoły wyższe
388 1 _a1901-2000
388 1 _a1945-1989
504 _aBibliografia na stronach 301-[302].
521 8 _aKsiążka jest przeznaczona dla technologów i konstruktorów pracujących w przemyśle budowy maszyn oraz dla studentów wydziałów mechanicznych wyższych szkół technicznych.
650 7 _aCzęści maszyn i urządzeń
_2DBN
650 7 _aCzęści zamienne
_2DBN
650 7 _aTolerancje i pasowania
_2DBN
655 7 _aOpracowanie
658 _aInżynieria i technika
710 2 _aWydawnictwa Naukowo-Techniczne
_4pbl
856 _uhttps://koha.tu.koszalin.pl/cgi-bin/koha/opac-detail.pl?biblionumber=7646
_yKatalog online BPK
942 _2UKD
_cKS
999 _c7646
_d7646